Quizzes
Events
Quiz Creation
Community
Videos
Private Events
Remove Ads
Sign In
Join for FREE
Feedback
Dark Mode
Quiz Categories
Sports
Geography
Music
Movies
Television
Just For Fun
Miscellaneous
History
Literature
Language
Science
Gaming
Entertainment
Religion
Holiday
For Kids
Quiz Lab
Recent
Popular Today
Quiz Kudos Today
Editor Picks
Curator Picks
Quizzes by...
Day
Popularity
Type
Ratings
Length
Year
Community
Subscriptions
Recent Discussions
Orange Saloon
Badges
Playlists
Quests
Create
Leaderboards
Showdown
Live 5
Trivia Bingo
Activity
Puzzle Library
Sporcle Events
Private Events
Virtual Trivia
Globe League
Become a Host
Pub Owners
SporcleCon
Opinionation
Our Games
Videos
Blog
Mobile Apps
Partnerships
Remove Ads and Go Orange
Feedback
Geography
Country
Landmarks
City
State
Population
World
Capital
Continent
Flags
Europe
Africa
Asia
South America
North America
Oceania
Border
Canada
United Kingdom
Topography
United States
Geography
Country
Landmarks
City
State
Population
World
Capital
Continent
Flags
Europe
Africa
Asia
South America
North America
Oceania
Border
Canada
United Kingdom
Topography
United States
Random Quiz
Search Sporcle
×
Quiz Lab
Quiz Lab
Geography
hello
Type in answers that appear in a list
Type in answers that appear in a list
Classic
Best Score? Go Orange.
Guess the language Stats
Can you guess the language from the following phrase?
By
sagevsalian
6m
45 Questions
1,706 Plays
1,706 Plays
1,706 Plays
Comments
Comments
Give Quiz Kudos
Give Quiz Kudos
-
- Ratings
hide this ad
Forced Order
Answers have to be entered in order
Answers have to be entered in order
Replay
Link that replays current quiz
Next Quiz
Link to next quiz in quiz playlist
You Got
0%
They Got
Avg Score
40%
Avg Friend Score
Upgrade to see
Score Distribution
Jump to the score distribution portion of the page
Score
0/45
Timer
06:00
0
Plays Today
'Hello' written in a language
Language
% Correct
Hello
English
99.4%
Bonjour
French
98.9%
Hola
Spanish
97.4%
Hallo
German
90.9%
Ciao
Italian
88.6%
مرحبا
Arabic
77%
Здравствуйте
Russian
76.5%
你好
Chinese
73.1%
안녕하세요
Korean
73.1%
こんにちは
Japanese
70.5%
Χαίρετε
Greek
65.7%
Aloha
Hawaiian
64%
Hej
Danish
63.7%
नमस्ते
Hindi
58.6%
سلام
Persian
53.4%
Cześć
Polish
52.9%
chào bạn
Vietnamese
50%
สวัสดี
Thai
48.3%
שלום
Hebrew
48.1%
Merhaba
Turkish
36.7%
ہیلو
Urdu
32.2%
Ahoj
Czech
31.6%
Salve
Latin
29.7%
'Hello' written in a language
Language
% Correct
Hei
Finnish
29.4%
Përshëndetje
Albanian
29.1%
გამარჯობა
Georgian
27%
Сайн уу
Mongolian
26.7%
добры дзень
Belarusian
24.7%
Сәлеметсіз бе
Kazakh
23%
ਸਤ ਸ੍ਰੀ ਅਕਾਲ
Punjabi
22.7%
ສະບາຍດີ
Lao
22.2%
வணக்கம்
Tamil
21.5%
Tere
Estonian
18.1%
Halla
Swedish
17.5%
ဟလို
Burmese
16.2%
Kamusta
Filipino
11.9%
سلام
Pashto
9.8%
हॅलो
Marathi
9.4%
салам
Tajik
9.2%
హలో
Telugu
8.8%
হ্যালো
Bangala
8.2%
नमस्कार
Nepali
7.7%
હેલો
Gujarati
7.6%
ಹಲೋ
Kannada
6.1%
Habari
Swahili
5.7%
Quiz Playlist
Details
Report
Send in Message
Add To Playlist
Classic:
Type in answers that appear in a list
Forced Order:
Answers have to be entered in order
Last Updated: Aug 4, 2020
Quiz Scoreboard
CHALLENGE
Sign Up to Join the Scoreboard
Show All
Scores
Hide
Comments
May contain spoilers
Recently Published
Movies - When Are They Set?
by FPL_Elf
Movies
5m
Popular People in 1961
by mucciniale
History
6m
1-10 Letter E Words III
by El_Dandy
Language
2m
More to Explore
Quiz From the Vault
Featured Blog Post
Where Did the Easter Bunny Come From?
hide this ad
You Might Also Like...
Tags
hello
phrase
Today's Top Quizzes in Geography
Browse Geography
hide this ad
Today's Top Quizzes in hello
Browse hello
Top Contributed Quizzes in Geography
1
Countries of the World - No Outlines Minefield
2
Top 25 Cities of France on a map
3
Closest Countries to UK A-Z
4
One Thing in Common: United Kingdom
5
Blind Secret Country CLXXXVIII
6
Blind Ultimate Minefield: USA
7
African Flag Reveal XLV
8
Find the US States - No Outlines
9
One Thing in Common: Asia
10
Find the Provinces of Canada - No Outlines Minefield
Explore More
Trending Topics
Kpop
Harry Potter
Crossword
Anime
Marvel
NBA
Disney
Pokémon
Song
WWE
Country
NFL
The Office
Puzzle
Soccer
hide this ad
More By:
sagevsalian
Quiz
Plays
Rating
Category
Featured
Created
Revolutionary War or Civil War Battle?
7,210
4.67
History
Dec 19, 2020
10-1 Car Brands by Country
2,812
4.79
Miscellaneous
Nov 4, 2020
Guess the language
1,706
3.80
Geography
May 13, 2017
Name the Dutch Overseas Territories
1,138
4.67
Geography
Oct 20, 2017
Europa Universalis IV Trade Nodes
601
5.00
Gaming
Jan 5, 2020
Go to Creator's Profile
Score Distribution
Quiz Creator Spotlight
sagevsalian
Follow
Send a Message
Quizzes Created
-
Created Quiz Play Count
-
More By This Creator
Popular Quizzes Today
1
Find the Countries of Europe - No Outlines Minefield
2
Find the US States - No Outlines Minefield
3
The Countries of the World
4
Popular People in 1961
5
1-10 Letter E Words III
6
US States
7
Find the US States
8
One Thing in Common: World Cities II
More Geography Quizzes
Top 15 Cities of the Dominican Republic on a Map
Published
Trending Quizzes
Risky Map Clicking: Least Populous States A-Z
Humor Books: The Subtitles
1-10 Letter F Words
1-10 Letter G Words
One Thing in Common: United Kingdom
Recently Updated
Leaping Animals
pecheneg
Reality TV Shows (A-Z)
bhenderson79
Rickey Henderson's Hall of Fame Teammates
pecheneg
Champions League XIs: Arsenal
pecheneg
Quick Pick: Celebrities in WWE's Hall of Fame
aduchscher
A-Z Keypad Blitz II
pecheneg
Multiple Oscar Actors
pecheneg
Mystery Phrase Blitz: Oscar 'Best Actors'
pecheneg
F. Scott Fitzgerald Novels
LTH
Pick 3 Villains
ddd62291
Trending Topics
Kpop
Marvel
Crossword
Disney
Harry Potter
Anime
NBA
Country
WWE
The Office
NFL
Song
Soccer
Pokémon
Puzzle
Your Account Isn't Verified!
In order to create a playlist on Sporcle, you need to verify the email address you used during registration. Go to your
Sporcle Settings
to finish the process.
Report this User
Report this user for behavior that violates our
Community Guidelines
.
Details:
Send Report
Go to the Sporcle.com Mobile Site →
Comments